Quizzes
Events
Quiz Creation
Community
Videos
Private Events
Remove Ads
Sign In
Join for FREE
Feedback
Dark Mode
Quiz Categories
Sports
Geography
Music
Movies
Television
Just For Fun
Miscellaneous
History
Literature
Language
Science
Gaming
Entertainment
Religion
Holiday
For Kids
Quiz Lab
Recent
Popular Today
Quiz Kudos Today
Editor Picks
Curator Picks
Quizzes by...
Day
Popularity
Type
Ratings
Length
Year
Community
Subscriptions
Recent Discussions
Orange Saloon
Badges
Playlists
Quests
Create
Leaderboards
Showdown
Live 5
Trivia Bingo
Activity
Puzzle Library
Sporcle Events
Private Events
Virtual Trivia
Globe League
Become a Host
Pub Owners
SporcleCon
Opinionation
Our Games
Videos
Blog
Mobile Apps
Partnerships
Remove Ads and Go Orange
Feedback
Miscellaneous
Crossword
General Knowledge
Baby Names
Logo
Food
Cars
Numbers
Grab Bag
University
College
Popular
Company
Slogans
Restaurants
Justice
Letter
Miscellaneous
Crossword
General Knowledge
Baby Names
Logo
Food
Cars
Numbers
Grab Bag
University
College
Popular
Company
Slogans
Restaurants
Justice
Letter
Random Quiz
Search Sporcle
×
Quiz Lab
Quiz Lab
Miscellaneous
court
Type in answers that appear in a list
Type in answers that appear in a list
Classic
Best Score? Go Orange.
High Court Stats
Can you name the High Court?
By
olivergbayley
5m
21 Questions
1 Play
1 Plays
1 Plays
Comments
Comments
Give Quiz Kudos
Give Quiz Kudos
-
- Ratings
hide this ad
Replay
Link that replays current quiz
Next Quiz
Link to next quiz in quiz playlist
You Got
0%
They Got
Avg Score
4%
Avg Friend Score
Upgrade to see
Score Distribution
Jump to the score distribution portion of the page
Score
0/21
Timer
05:00
0
Plays Today
Hint
Answer
% Correct
Who Sits?
Usually one High Court judge will sit alone.
100%
Where Located?
The court sits at the Royal Courts of Justice, Strand, London ('The Law Courts') and also at provincial centres (e.g. Manchester)
0%
If necessary, a circuit judge, senior QC, Lord Justice, or a retired judge, may sit instead.
0%
The Three Divisions
The High Court is one court, but it is divided into three divisions (Queen's Bench, Chancery and Family).
0%
Each division has a President (the most senior judge) who is responsible for the administration of the division.
0%
Queen's Bench Division
(a) Main type of work allocated: contract and tort actions; also criminal appeals, habeas corpus (legality of imprisonment) and applications to punish contempts committed in inferior courts.
0%
(b) Specialist courts within QBD include the Commercial Court (e.g. banking and insurance disputes) and the Administrative Court (deals with judicial review, i.e. supervision of exercise of powers by public authorities or inferior courts or tribunals).
0%
(c) The QBD also has some appellate jurisdiction, the Divisional Court where 2 or more judges sit.
0%
Chancery Division
Main type of work allocated:
0%
- disputes over wills and the administration of estates
0%
- trusts
0%
Hint
Answer
% Correct
- land or mortgage actions
0%
- partnership actions
0%
- company law
0%
- bankruptcy
0%
Specialist courts within Chancery Division include the Court of Protection (persons under disability) and the Patents Court.
0%
The Chancery Division also has an appellate function dealing with, e.g., land registration appeals from the county court.
0%
Family Division
Main type of work allocated is certain matters relating to:
0%
- children, such as wardship and adoption
0%
- defended divorce
0%
The Family Division also has an appellate function dealing with appeals from the magistrates' courts (usually 2 judges).
0%
Quiz Playlist
Details
Report
Send in Message
Add To Playlist
Classic:
Type in answers that appear in a list
Last Updated: Feb 16, 2017
Quiz Scoreboard
CHALLENGE
Sign Up to Join the Scoreboard
Show All
Scores
Hide
Comments
May contain spoilers
Recently Published
Movies - When Are They Set?
by FPL_Elf
Movies
5m
Popular People in 1961
by mucciniale
History
6m
1-10 Letter E Words III
by El_Dandy
Language
2m
More to Explore
Quiz From the Vault
Featured Blog Post
Where Did the Easter Bunny Come From?
hide this ad
You Might Also Like...
Tags
court
Today's Top Quizzes in Miscellaneous
Browse Miscellaneous
hide this ad
Today's Top Quizzes in court
Browse court
Top Contributed Quizzes in Miscellaneous
1
The JOE quick-fire general knowledge quiz: Day 173
2
The JOE quick-fire general knowledge quiz: Day 172
3
5-to-1: Fast Food
4
Sunday Crossword: Famous Bodies of Water
5
The JOE quick-fire general knowledge quiz: Day 171
6
One Thing in Common: United Kingdom II
7
Named After an Animal - Odd One Out!
8
sort kpop groups by number of members
9
The JOE quick-fire quiz: Day 170
10
Sunday Crossword: Themeless #5
Explore More
Trending Topics
Marvel
Crossword
Kpop
Harry Potter
Anime
NBA
Disney
WWE
Song
Puzzle
NFL
The Office
Soccer
Pokémon
Country
hide this ad
More By:
olivergbayley
Quiz
Plays
Rating
Category
Featured
Created
Towns in Cheshire East
33
5.00
Geography
Feb 24, 2017
European Court of Human Rights
22
Miscellaneous
Jul 8, 2015
Council Areas of the United Kingdom
13
1.00
Geography
Feb 22, 2017
Parishes in Cheshire East
10
2.00
Geography
Feb 24, 2017
STEEP Model
9
Miscellaneous
Jun 7, 2015
Go to Creator's Profile
Score Distribution
Quiz Creator Spotlight
olivergbayley
Follow
Send a Message
Quizzes Created
-
Created Quiz Play Count
-
More By This Creator
Popular Quizzes Today
1
Find the US States - No Outlines Minefield
2
Find the Countries of Europe - No Outlines Minefield
3
The Countries of the World
4
Popular People in 1961
5
1-10 Letter E Words III
6
US States
7
Find the US States
8
One Thing in Common: World Cities II
More Miscellaneous Quizzes
Pick 3 Great British Things
Published
Trending Quizzes
Risky Map Clicking: Least Populous States A-Z
1-10 Letter F Words
Humor Books: The Subtitles
1-10 Letter G Words
One Thing in Common: United Kingdom
Recently Updated
Leaping Animals
pecheneg
Reality TV Shows (A-Z)
bhenderson79
Rickey Henderson's Hall of Fame Teammates
pecheneg
Champions League XIs: Arsenal
pecheneg
Quick Pick: Celebrities in WWE's Hall of Fame
aduchscher
A-Z Keypad Blitz II
pecheneg
Multiple Oscar Actors
pecheneg
Mystery Phrase Blitz: Oscar 'Best Actors'
pecheneg
F. Scott Fitzgerald Novels
LTH
Pick 3 Villains
ddd62291
Trending Topics
Kpop
Marvel
Disney
Anime
Crossword
NBA
Harry Potter
Soccer
NFL
The Office
Song
Country
Puzzle
WWE
Pokémon
Your Account Isn't Verified!
In order to create a playlist on Sporcle, you need to verify the email address you used during registration. Go to your
Sporcle Settings
to finish the process.
Report this User
Report this user for behavior that violates our
Community Guidelines
.
Details:
Send Report
Go to the Sporcle.com Mobile Site →
Comments